LEADER 01287nam 2200337 n 450 001 996383814203316 005 20221107214004.0 035 $a(CKB)1000000000596423 035 $a(EEBO)2240907417 035 $a(UnM)99866390 035 $a(EXLCZ)991000000000596423 100 $a19940401d1651 uy | 101 0 $aeng 135 $aurbn||||a|bb| 200 14$aThe forme and order of the coronation of Charles the Second, King of Scotland, England, France, and Ireland$b[electronic resource] $eAs it was acted and done at Scoone, the first day of Ianuary, 1651 210 $aAberdene. $cImprinted by James Brown$d1651 215 $a24 p 300 $aIn this edition 'January' begins with an 'I'. 300 $aAttributed to Robert Douglas. cf. NUC pre-1956. 300 $aReproduction of the original in the British Library. 330 $aeebo-0018 607 $aGreat Britain$xHistory$yRestoration, 1660-1688$vEarly works to 1800 700 $aDouglas$b Robert$f1594-1674.$01005428 801 0$bCu-RivES 801 1$bCu-RivES 801 2$bCStRLIN 801 2$bWaOLN 906 $aBOOK 912 $a996383814203316 996 $aThe forme and order of the coronation of Charles the Second, King of Scotland, England, France, and Ireland$92378565 997 $aUNISA LEADER 01697oam 2200505I 450 001 9910711846403321 005 20210408083401.0 035 $a(CKB)5470000002487618 035 $a(OCoLC)1046653877 035 $a(OCoLC)995470000002487618 035 $a(EXLCZ)995470000002487618 100 $a20180730d1960 ua 0 101 0 $aeng 135 $aur||||||||||| 181 $ctxt$2rdacontent 182 $cc$2rdamedia 183 $acr$2rdacarrier 200 00$aCompilation of records of surface waters of the United States through September 1950$hPart 11-A$iPacific slope basins in California except Central Valley /$fprepared under the direction of J.V.B. Wells 210 1$a[Washington, D.C.] :$cUnited States Department of the Interior, Geological Survey,$d1960. 215 $a1 online resource (v, 414 pages, 1 page of plates) $cillustrations, map 225 1 $aGeological Survey water-supply paper ;$v1315-B 300 $aIncludes index. 606 $aWater quality$zCalifornia 606 $aWater-supply$zCalifornia 606 $aWater quality$2fast 606 $aWater-supply$2fast 607 $aCalifornia$2fast 608 $aOnline resources. 615 0$aWater quality 615 0$aWater-supply 615 7$aWater quality. 615 7$aWater-supply. 700 $aWells$b J. V. B.$01385991 712 02$aGeological Survey (U.S.), 801 0$bCOP 801 1$bCOP 801 2$bOCLCO 801 2$bOCLCF 801 2$bGPO 801 2$bMERUC 801 2$bGPO 906 $aBOOK 912 $a9910711846403321 996 $aCompilation of records of surface waters of the United States through September 1950$93446974 997 $aUNINA